Design and performance of deep foundations : (Record no. 549903)
[ view plain ]
| 000 -LEADER | |
|---|---|
| fixed length control field | 01173cam a2200229 a 4500 |
| 020 ## - INTERNATIONAL STANDARD BOOK NUMBER | |
| International Standard Book Number | 0872629872 |
| 082 00 - DEWEY DECIMAL CLASSIFICATION NUMBER | |
| Classification number | 624.15 |
| Author Mark | DES |
| -- | L-39, P-188 |
| 245 00 - TITLE STATEMENT | |
| Title | Design and performance of deep foundations : |
| Remainder of title | piles and piers in soil and soft rock : proceedings of sessions sponsored by the Committees on Deep Foundations and Rock Mechanics of the Geotechnical Engineering Division of the American Society of Civil Engineers in conjunction with the ASCE Convention in Dallas, Texas, October 24-28, 1993 / |
| Statement of responsibility, etc. | edited by Priscilla P. Nelson, Trevor D. Smith, and Edward C. Clukey. |
| 260 ## - PUBLICATION, DISTRIBUTION, ETC. | |
| Place of publication, distribution, etc. | New York, NY : |
| Name of publisher, distributor, etc. | American Society of Civil Engineers, |
| Date of publication, distribution, etc. | c1993. |
| 300 ## - PHYSICAL DESCRIPTION | |
| Extent | vi, 279 p. : |
| Other physical details | ill. ; |
| Dimensions | 22 cm. |
| 526 ## - STUDY PROGRAM INFORMATION NOTE | |
| Program name | 0 |
| Interest level | 0 |
| Reading level | 0 |
| Title point value | 624_150000000000000_DES |
| 650 #0 - SUBJECT ADDED ENTRY--TOPICAL TERM | |
| Topical term or geographic name entry element | Foundations |
| General subdivision | Congresses. |
| 9 (RLIN) | 42382 |
| 650 #0 - SUBJECT ADDED ENTRY--TOPICAL TERM | |
| Topical term or geographic name entry element | MCE |
| 9 (RLIN) | 379 |
| 650 #0 - SUBJECT ADDED ENTRY--TOPICAL TERM | |
| Topical term or geographic name entry element | Piers |
| General subdivision | Congresses. |
| 9 (RLIN) | 42383 |
| 650 #0 - SUBJECT ADDED ENTRY--TOPICAL TERM | |
| Topical term or geographic name entry element | Piling (Civil engineering) |
| General subdivision | Congresses. |
| 9 (RLIN) | 42384 |
| 700 1# - ADDED ENTRY--PERSONAL NAME | |
| Personal name | Clukey, Edward Charles, |
| 9 (RLIN) | 42385 |
| 700 1# - ADDED ENTRY--PERSONAL NAME | |
| Personal name | Nelson, Priscilla P. |
| 9 (RLIN) | 42386 |
| 700 1# - ADDED ENTRY--PERSONAL NAME | |
| Personal name | Smith, Trevor D. |
| 9 (RLIN) | 42387 |
| 710 2# - ADDED ENTRY--CORPORATE NAME | |
| Corporate name or jurisdiction name as entry element | American Society of Civil Engineers. |
| 9 (RLIN) | 702 |
| 710 2# - ADDED ENTRY--CORPORATE NAME | |
| Corporate name or jurisdiction name as entry element | American Society of Civil Engineers. |
| 9 (RLIN) | 702 |
| 942 ## - ADDED ENTRY ELEMENTS (KOHA) | |
| Source of classification or shelving scheme | |
| Koha item type | Book |
| Withdrawn status | Lost status | Source of classification or shelving scheme | Damaged status | Not for loan | Permanent Location | Current Location | Date acquired | Total Checkouts | Full call number | Barcode | Date last seen | Price effective from | Koha item type |
|---|---|---|---|---|---|---|---|---|---|---|---|---|---|
| Military College of Engineering (MCE) | Military College of Engineering (MCE) | 10/16/2014 | 624.15 DES | MCE-43506 | 10/16/2014 | 03/14/2021 | Book |
